Detalles MARC
| 000 -CABECERA |
| campo de control de longitud fija |
01064nam a2200265 a 4500 |
| 001 - NÚMERO DE CONTROL |
| campo de control |
000016319 |
| 005 - FECHA Y HORA DE LA ÚLTIMA TRANSACCIÓN |
| campo de control |
20240229073943.0 |
| 008 - DATOS DE LONGITUD FIJA--INFORMACIÓN GENERAL |
| campo de control de longitud fija |
100303s1988 dr ac 001 p spa d |
| 040 ## - FUENTE DE LA CATALOGACIÓN |
| Centro catalogador/agencia de origen |
DO-SdBNP |
| Lengua de catalogación |
spa |
| Centro/agencia transcriptor |
BNPHU |
| 082 ## - NÚMERO DE LA CLASIFICACIÓN DECIMAL DEWEY |
| Número de clasificación |
RD868.02 |
| Número de documento/Ítem |
C531e |
| 049 ## - FONDOS LOCALES (OCLC) |
| Fondos de biblioteca |
BNPD |
| 100 1# - ENTRADA PRINCIPAL--NOMBRE DE PERSONA |
| Nombre de persona |
Chez Checo, José, |
| Fechas asociadas al nombre |
1949- |
| 9 (RLIN) |
10145 |
| 245 10 - MENCIÓN DE TÍTULO |
| Título |
Epigramas sobre el Ron Brugal (1906-1911) : |
| Resto del título |
para la historia de la publicidad y de la vida cotidiana en la República Dominicana / |
| Mención de responsabilidad, etc. |
José Chez Checo. |
| 260 ## - PUBLICACIÓN, DISTRIBUCIÓN, ETC. |
| Lugar de publicación, distribución, etc. |
Santo Domingo : |
| Nombre del editor, distribuidor, etc. |
Centenario de Brugal, |
| Fecha de publicación, distribución, etc. |
1988. |
| Fabricante |
Amigo del Hogar |
| 300 ## - DESCRIPCIÓN FÍSICA |
| Extensión |
670 p. : |
| Otras características físicas |
il., retrs. ; |
| Dimensiones |
24 cm. |
| 500 ## - NOTA GENERAL |
| Nota general |
Incluye datos biográficos del autor en la contracubierta. |
| 504 ## - NOTA DE BIBLIOGRAFÍA, ETC. |
| Nota de bibliografía, etc. |
Incluye bibliografía y notas al pie de páginas. |
| 504 ## - NOTA DE BIBLIOGRAFÍA, ETC. |
| Nota de bibliografía, etc. |
Bibliografía: p. 645-647. |
| 650 #4 - PUNTO DE ACCESO ADICIONAL DE MATERIA--TÉRMINO DE MATERIA |
| Término de materia o nombre geográfico como elemento de entrada |
Epigramas dominicanos |
| 9 (RLIN) |
36418 |
| 650 #4 - PUNTO DE ACCESO ADICIONAL DE MATERIA--TÉRMINO DE MATERIA |
| Término de materia o nombre geográfico como elemento de entrada |
Publicidad sobre bebidas alcohólicas |
| 9 (RLIN) |
36419 |
| 650 #4 - PUNTO DE ACCESO ADICIONAL DE MATERIA--TÉRMINO DE MATERIA |
| Término de materia o nombre geográfico como elemento de entrada |
Bebidas alcohólicas |
| 9 (RLIN) |
22080 |
| 650 #4 - PUNTO DE ACCESO ADICIONAL DE MATERIA--TÉRMINO DE MATERIA |
| Término de materia o nombre geográfico como elemento de entrada |
Ron |
| Subdivisión geográfica |
República Dominicana |
| 9 (RLIN) |
36420 |
| 650 #0 - PUNTO DE ACCESO ADICIONAL DE MATERIA--TÉRMINO DE MATERIA |
| Término de materia o nombre geográfico como elemento de entrada |
Poesía dominicana |
| 9 (RLIN) |
66 |
| 910 ## - DATOS DE OPCIÓN DEL USUARIO (OCLC) |
| Datos de opción del usuario |
Validado. Control de calidad EMS |